| 000 | 01782nam a2200421 i 4500 | ||
|---|---|---|---|
| 003 | DO-SdBNP | ||
| 005 | 20260428073715.0 | ||
| 007 | ta | ||
| 008 | 250728b1996 dr c|||| |||| 00| 0 spa d | ||
| 020 | _a8489548226 | ||
| 040 |
_aDO-SdBNP _bspa _cBNPHU _erda |
||
| 041 | _aspa | ||
| 082 | 4 |
_aRD860.8 _bC744o, 1996 _222 |
|
| 111 | 2 |
_aConcurso de Arte y Literatura Bancentral _n1er. : _d1995 : _cSanto Domingo, República Dominicana) _923156 |
|
| 245 | 1 | 0 |
_aObras premiadas / _cedición, José Alcántara Almánzar, Milena Alba Frappier |
| 250 | _aPrimera edición | ||
| 264 | 1 |
_aSanto Domingo : _bBanco Central de la República Dominicana, _c1996. |
|
| 300 |
_a108 páginas : _bilustraciones ; _c23 cm. |
||
| 336 |
_atexto _btxt _2rdacontent |
||
| 337 |
_asin mediación _bn _2rdamedia |
||
| 338 |
_avolumen _bnc _2rdacarrier |
||
| 490 | 0 | _aBanco Central de la República Dominicana | |
| 500 | _aIncluye síntesis biográficas de los autores premiados. | ||
| 505 | 0 |
_aPresentación -- _tVeredicto-- _tArte-- _tCategoria Escultura-- _g Categoría Pintura : _tLiteratura-- _rCaegoría Cuento -- _gCategoría Poesía -- _tApendia. |
|
| 586 | _aPremio del concurso de arte y literatura Bancentral 1995. | ||
| 590 | _aInventariado, 2025/BT | ||
| 650 | 4 |
_aArte y literatura _xPremios _923011 |
|
| 650 | 4 |
_aArte dominicano _ySiglo XX _923012 |
|
| 650 | 4 |
_aPintura dominicana _xPremios _923013 |
|
| 650 | 0 |
_aPremios literarios _91542 |
|
| 650 | 4 |
_aLiteratura dominicana _ySiglo XX _985167 |
|
| 700 | 1 |
_aAlcántara Almánzar, José, _eeditor _4ed. _922948 |
|
| 700 | 1 |
_aFrappier, Milena Alba, _eeditor _4ed. _923014 |
|
| 700 | 1 |
_aAlcántara Almánzar, José, _d1946- _eeditor _4ed. _97018 |
|
| 710 | 2 |
_aBanco Central de la República Dominicana _983405 |
|
| 910 | _aBtavárez | ||
| 942 |
_2ddc _cLBS1 |
||
| 999 |
_c59657 _d59657 |
||